00336nam a2200121 a 450000500170000000800410001702000180005805000230007610000230009924500510012226000320017330000090020520140412111425.0090626s19uu xx 00 eng d a0-439-68487-0 aTR(PS EbWh56 2004 aChristelow, Eileen aWher's the big bad wolf? /cEileen Christelow. aU.S.A :bScholastic,c2004. a33p.